00463 2200169 4500245004900000250001100049100001900060700002300079700002100102650002100123005001900144260007900163041001400242084001000256300001800266336000900284 aAda Apa Saja di Pasar?cNiloufer WadiahText aCet. 1 aNiloufer Wadia aSyifaa hoerunnisaa aShafa Firda Nila aCerita Bergambar a20241001144304 aJakarta TimurbKementrian Pendidikan, Keudayaan, Rset, dan Teknologic2022 aIndonesia a741.5 a16 hlm :cpdf atext